Top 10 Most Grown Crops In The United States - Statistics

General Stats
  • This quiz has been taken 42 times
  • The average score is 6 of 10
Answer Stats
Hint Answer % Correct
1 Corn
100%
5 Spring Wheat
100%
4 Winter Wheat
100%
8 Rice
55%
6 Cotton
48%
2 Soybean
45%
9 Barley
40%
10 Oats
35%
3 Hay
25%
7 Sorghum
20%
No matching quizzes found
Score Distribution
Percent of People with Each Score
Percentile by Number Answered
Your Score History
You have not taken this quiz